[Event "Sparkassen Open A 2013"]
[Site "Dortmund GER"]
[Date "2013.07.27"]
[Round "1.5"]
[White "Michalczak,T"]
[Black "Eckardt,Joshua"]
[Result "1/2-1/2"]
[WhiteElo "2299"]
[BlackElo "2023"]

1.e4 c5 2.c3 Nf6 3.e5 Nd5 4.Nf3 Nc6 5.Bc4 Nb6 6.Bb3 d5 7.exd6 c4 8.Bc2 Qxd6
9.O-O Bg4 10.h3 Bh5 11.Re1 e6 12.b3 Be7 13.Ba3 Qc7 14.Bxe7 Qxe7 15.bxc4 Nxc4
16.d4 Rd8 17.Bb3 Nb6 18.Nbd2 O-O 19.Ne4 Qc7 20.Qd3 Nd5 21.Rac1 Nf4 22.Qe3 e5
23.Red1 Nd5 24.Bxd5 Rxd5 25.c4 exd4 26.Rxd4 Rxd4 27.Nxd4 Nxd4 28.Qxd4 b6
29.c5 Rd8 30.Nd6 h6 31.c6 Be2 32.Qe4 Rxd6 33.Qxe2 Re6 34.Qc4 Re5 35.Qd4 Re6
36.Qd7 Qf4 37.Rd1 Re2 38.Rf1 Qc4 39.Rd1 Qf4 40.Qd8+ Kh7 41.Qd3+ Qe4 42.Qxe4+ Rxe4
43.Rd7 Re1+ 44.Kh2 Rc1 45.Rxf7 Rxc6 46.Rxa7 Kg6 47.a4 Rc4 48.Kg3 Rc3+ 49.Kf4 Kf6
50.Ra6 Rc4+ 51.Ke3 Ke5 52.Kd3 Kd5 53.a5 Ra4 54.Rxb6 Rxa5 55.Rb7 g5 56.Rb6 h5
57.h4 gxh4 58.Rh6 Ra3+ 59.Ke2 Ke4 60.f3+ Kf4 61.Rxh5 Ra2+ 62.Kf1 Kg3 63.Rg5+ Kh2
64.Rh5 Kg3 65.Rg5+ Kh2 66.f4 h3 67.gxh3 Kxh3 68.Kg1 Ra4 69.Rf5 Kg4 70.Rf8 Rxf4
71.Rxf4+ Kxf4  1/2-1/2

[Event "15th TCh-Eur Senior"]
[Site "Dresden GER"]
[Date "2013.07.27"]
[Round "8"]
[White "Neukirch,D"]
[Black "Rosen,W"]
[Result "1/2-1/2"]
[WhiteElo "2247"]
[BlackElo "2290"]

1.e4 c5 2.c3 Nf6 3.e5 Nd5 4.d4 cxd4 5.Qxd4 e6 6.Nf3 Nc6 7.Qe4 f5 8.Qe2 Qc7
9.g3 d6 10.exd6 Bxd6 11.Bg2 O-O 12.O-O Nb6 13.c4 e5 14.Be3 Qe7 15.Nc3 e4
16.Nd4 Nxd4 17.Bxd4 Bc5 18.Rad1  1/2-1/2

[Event "15th TCh-Eur Senior"]
[Site "Dresden GER"]
[Date "2013.07.27"]
[Round "8"]
[White "Ofstad,P"]
[Black "Bhend,E"]
[Result "1/2-1/2"]
[WhiteElo "2173"]
[BlackElo "2221"]

1.e4 c5 2.c3 Nf6 3.e5 Nd5 4.Bc4 Nb6 5.Bb3 c4 6.Bc2 Nc6 7.Nf3 d6 8.exd6 Qxd6
9.d4 cxd3 10.Qxd3 Qxd3 11.Bxd3 e6 12.Bf4 Be7 13.Nbd2 f6 14.h4 e5 15.Bg3 Be6
16.O-O-O O-O-O 17.Nb3 g6 18.Rhe1 Bf7 19.Bc2 h5 20.Nbd2 Nd5 21.Nf1 Bf8 22.Kb1 Bh6
23.c4  1/2-1/2

[Event "Czech Open A 2013"]
[Site "Pardubice CZE"]
[Date "2013.07.27"]
[Round "9.21"]
[White "Mammadov,Z"]
[Black "Cvek,R"]
[Result "1/2-1/2"]
[WhiteElo "2437"]
[BlackElo "2527"]

1.e4 c5 2.c3 Nf6 3.e5 Nd5 4.Nf3 e6 5.d4 cxd4 6.cxd4 b6 7.Nc3 Nxc3 8.bxc3 Qc7
9.Bd2 Be7 10.Bd3 Ba6 11.Bxa6 Nxa6 12.Qe2 Nb8 13.O-O O-O 14.Rac1 d6 15.Qe4 Nd7
16.Bg5 Qd8 17.Qf4 dxe5 18.dxe5 Bxg5 19.Nxg5 h6 20.Ne4 Qc7 21.Nd6  1/2-1/2

[Event "9th Gazi 2013"]
[Site "Gazi GRE"]
[Date "2013.07.28"]
[Round "2"]
[White "Eleftherakis,S"]
[Black "Lirindzakis,T"]
[Result "0-1"]
[WhiteElo "1916"]
[BlackElo "2286"]

1.e4 c5 2.c3 Nf6 3.e5 Nd5 4.Nf3 Nc6 5.d4 cxd4 6.cxd4 d6 7.Bc4 Nb6 8.Bb5 dxe5
9.Nxe5 Bd7 10.Nxd7 Qxd7 11.O-O e6 12.Nc3 Be7 13.Be3 O-O 14.Qd2 Rac8 15.Rac1 a6
16.Bxc6 Rxc6 17.b3 Ba3 18.Rc2 Rfc8 19.d5 Nxd5 20.Nxd5 Qxd5 21.Qxd5 exd5 22.Rd2 Rd6
23.Rfd1 Rcd8 24.Bd4 f6 25.f3 Kf7 26.Kf2 Rc6 27.Be3 Bb4 28.Re2 Bc3 29.Bd4 Bxd4+
30.Rxd4 Rd7 31.Red2 Ke6 32.R4d3 Rc1 33.Ke3 Re1+ 34.Kd4 Kd6 35.Rc3 Re8 36.Rc5 Re5
37.Rdc2 Rde7 38.b4 Rd7 39.b5 axb5 40.Rxb5 Rc7 41.Rxc7 Kxc7 42.Rxd5 Re2 43.Rh5 h6
44.g4 Rxa2 45.h4 b6 46.Rb5 Kc6 47.Rb3 Ra4+ 48.Kd3 h5 49.Rc3+ Kb7 50.gxh5 Rxh4
51.Kc2 Rxh5 52.Re3 Re5  0-1

[Event "Politiken Cup 2013"]
[Site "Helsingor DEN"]
[Date "2013.07.28"]
[Round "2.13"]
[White "Skjoldager,P"]
[Black "Schandorff,L"]
[Result "1/2-1/2"]
[WhiteElo "2136"]
[BlackElo "2522"]

1.e4 c5 2.c3 Nf6 3.e5 Nd5 4.d4 cxd4 5.cxd4 d6 6.Bc4 Nb6 7.Bb5+ N8d7 8.Nf3 e6
9.O-O a6 10.Bd3 dxe5 11.Nxe5 Nxe5 12.dxe5 Nd7 13.Re1 Nc5 14.Bc2 Qxd1 15.Rxd1 Bd7
16.Nc3 Bc6 17.Be3 Nd7 18.f4 Bc5 19.Bxc5 Nxc5 20.b4 Nd7 21.Ne4 Ke7 22.Rd4 Nb6
23.Rad1 Nd5 24.Nd6 Nc3 25.R1d2 Nb5 26.R4d3 Nxd6 27.Rxd6 a5 28.bxa5 Rxa5 29.Be4 Rc8
30.Bxc6  1/2-1/2

[Event "Politiken Cup 2013"]
[Site "Helsingor DEN"]
[Date "2013.07.28"]
[Round "2.135"]
[White "Sajjadi,Kimiya"]
[Black "Marshall,Mi"]
[Result "1/2-1/2"]
[WhiteElo "1485"]
[BlackElo "1839"]

1.e4 c5 2.c3 Nf6 3.e5 Nd5 4.g3 d6 5.exd6 Qxd6 6.Bg2 Nc6 7.Ne2 e6 8.O-O Be7
9.Na3 O-O 10.d4 cxd4 11.Nb5 Qd8 12.Nbxd4 Nxd4 13.Nxd4 a6 14.c4 Nf6 15.Re1 Qc7
16.Qe2 Bd6 17.Bd2 e5 18.Nc2 Rb8 19.Bc3 Re8 20.Rad1 Bg4 21.Bf3 Bxf3 22.Qxf3 Rbd8
23.Ne3  1/2-1/2

[Event "Politiken Cup 2013"]
[Site "Helsingor DEN"]
[Date "2013.07.28"]
[Round "3.48"]
[White "Nielsen,Mor"]
[Black "Royset,P"]
[Result "1/2-1/2"]
[WhiteElo "1965"]
[BlackElo "2170"]

1.e4 c5 2.c3 Nf6 3.e5 Nd5 4.d4 cxd4 5.Qxd4 e6 6.Bc4 Nc6 7.Qe4 d6 8.exd6 Nf6
9.Qh4 Bxd6 10.Bg5 Qb6 11.Bb3 Ne5 12.Be3 Bc5 13.Bxc5 Nd3+ 14.Ke2 Nxc5 15.Nd2 Bd7
16.Ngf3 a5 17.Rab1 a4 18.Bc4 O-O 19.Ne5 Rfd8 20.Nxd7 Rxd7 21.Nf3 Rad8 22.g4 Qc6
23.g5 Nh5 24.Nd4 Qe4+ 25.Qxe4 Nxe4 26.Ke3 Nd6 27.Be2 e5 28.Bxh5 exd4+ 29.Kxd4 Rc7
30.Rhd1 Nc4+ 31.Ke4 Rxd1 32.Rxd1 g6 33.Bg4 Nxb2 34.Rd8+ Kg7 35.Rd7 Rc4+ 36.Kf3  1/2-1/2

[Event "Politiken Cup 2013"]
[Site "Helsingor DEN"]
[Date "2013.07.29"]
[Round "4.39"]
[White "Nielsen,LA"]
[Black "Skovgaard,I"]
[Result "1-0"]
[WhiteElo "2265"]
[BlackElo "2036"]

1.e4 c5 2.c3 Nf6 3.e5 Nd5 4.Nf3 Nc6 5.d4 cxd4 6.cxd4 d6 7.Nc3 dxe5 8.dxe5 Be6
9.Bb5 Nxc3 10.Qxd8+ Rxd8 11.bxc3 a6 12.Ba4 Bc4 13.Nd4 b5 14.Nxc6 Rc8 15.Na7 Rc7
16.Bb3 Rxa7 17.Bxc4 bxc4 18.Rb1 g6 19.Rb8+ Kd7 20.Be3 Rc7 21.Ke2 Bg7 22.Rd1+ Ke6
23.Rb6+ Kf5 24.Rd4 h5 25.h3 h4 26.g4+ hxg3 27.fxg3 Bh6 28.g4+ Kxe5 29.g5 Bg7
30.Bf4+ Kf5 31.Bxc7 Bxd4 32.cxd4 Rxh3 33.Rxa6 Kxg5 34.a4 Ra3 35.a5 f5 36.Rc6 Ra2+
37.Ke3 Ra3+ 38.Kd2 f4 39.Rxc4 Kf5 40.Rc3 Ra2+ 41.Kd3 g5 42.Rc2 Ra3+ 43.Kc4 g4
44.Kb5 g3 45.a6 Kg4 46.Ba5 f3 47.a7 f2 48.a8=Q f1=Q+ 49.Kb4 Rf3 50.Qg8+ Kh4
51.Qh7+ Kg4 52.Qg7+ Kh4 53.Qxe7+ Rf6 54.Bd8 Qb1+ 55.Kc3 Qa1+ 56.Rb2 Qc1+
57.Kb3 Qd1+ 58.Ka3 Qa1+ 59.Kb3 Qd1+ 60.Kc3 Qc1+ 61.Rc2 Qa1+ 62.Kc4 Qa4+ 63.Kd5 Qb3+
64.Ke5 Qe3+ 65.Kxf6 Qxe7+ 66.Bxe7  1-0

[Event "Politiken Cup 2013"]
[Site "Helsingor DEN"]
[Date "2013.07.29"]
[Round "4.54"]
[White "Nilsen,Martin"]
[Black "Willumsen,H"]
[Result "1-0"]
[WhiteElo "1820"]
[BlackElo "2127"]

1.e4 c5 2.c3 Nf6 3.e5 Nd5 4.Nf3 Nc6 5.d4 cxd4 6.Bc4 Nb6 7.Bb3 d5 8.exd6 Qxd6
9.cxd4 Bf5 10.Nc3 e6 11.Nb5 Qb4+ 12.Nc3 Rd8 13.a3 Qd6 14.Nb5 Qb8 15.g3 Bd6
16.d5 a6 17.Nxd6+ Qxd6 18.Bf4 e5 19.dxc6 Qxc6 20.Bxf7+ Kxf7 21.Nxe5+ Kf6
22.Nxc6 Rxd1+ 23.Rxd1 bxc6 24.Rd6+ Kf7 25.Rxc6 Be4 26.Rc7+ Kf6 27.f3 Bxf3
28.O-O Be2 29.Rf2 Nd5 30.Rc6+  1-0

[Event "Charleroi Open 2013"]
[Site "Charleroi BEL"]
[Date "2013.07.30"]
[Round "5.6"]
[White "Okhotnik,V"]
[Black "Marte,S"]
[Result "1-0"]
[WhiteElo "2403"]
[BlackElo "2034"]

1.e4 c5 2.c3 Nf6 3.e5 Nd5 4.Nf3 Nc6 5.Bc4 e6 6.d4 cxd4 7.cxd4 d6 8.O-O Be7
9.Bd2 O-O 10.Nc3 dxe5 11.dxe5 a6 12.Qe2 b5 13.Bd3 Ncb4 14.Nxd5 exd5 15.Bb1 Bg4
16.Rd1 Rc8 17.a3 Nc6 18.Bf4 g6 19.Ba2 d4 20.e6 f6 21.h3 Bxf3 22.Qxf3 Kg7
23.Rac1 Qb6 24.h4 Ne5 25.Qe2 d3 26.Qd2 Ng4 27.b4 Rfd8 28.Bg3 Rxc1 29.Rxc1 Bd6
30.Qxd3 Bf4 31.Qxd8 Qxd8 32.Bxf4 Ne5 33.Bb3 Kf8 34.Be3 Ke8 35.Rd1 Qc7 36.Bc5 Ng4
37.g3 Qe5 38.e7  1-0

[Event "Sparkassen Open A 2013"]
[Site "Dortmund GER"]
[Date "2013.07.30"]
[Round "4.6"]
[White "Kartsev,So"]
[Black "Schroeder,Kevin"]
[Result "1-0"]
[WhiteElo "2223"]
[BlackElo "2079"]

1.e4 c5 2.c3 Nf6 3.e5 Nd5 4.d4 cxd4 5.Nf3 Nc6 6.cxd4 d6 7.Bc4 Nb6 8.Bb5 e6
9.Nc3 Be7 10.O-O O-O 11.Qe2 Nb4 12.a3 N4d5 13.Ne4 dxe5 14.dxe5 Bd7 15.Bd3 Bc6
16.Rd1 h6 17.Nd4 Qc7 18.Nxc6 bxc6 19.Ng3 Nd7 20.Qe4 g6 21.Bxh6 Rfd8 22.f4 Ne3
23.f5 Nxf5 24.Nxf5 exf5 25.Qf4 Qxe5 26.b4 Qxf4 27.Bxf4 Nb6 28.Ba6 Bf6 29.Bc7 Rxd1+
30.Rxd1 Nd5 31.Bg3 Re8 32.Bf2 Bb2 33.Bb7 Re6 34.b5 Ne7 35.a4 cxb5 36.axb5 Re5
37.Rd7 Kf8 38.Ba6 f4 39.Rxa7 Rd5 40.Kf1 Bc3 41.b6 Rd1+ 42.Ke2 Rd2+ 43.Kf3 Nc6
44.Ra8+ Kg7 45.b7 Ne5+ 46.Kxf4 Rxf2+ 47.Kg3 Be1 48.Kh3 Rb2 49.b8=Q Rxb8 50.Rxb8 Nd7
51.Rb1 Bc3 52.Kg4 Nc5 53.Bc4 Ne4 54.Rb3 Be5 55.g3 Nd2 56.Rb4 Bd6 57.Ra4 Nxc4
58.Rxc4 Be5 59.Rc5 Bd6 60.Rc6 Be5 61.Ra6 Kh6 62.Kf3 f5 63.h3 Kg5 64.Ra5 Bc7
65.Rc5 Bd6 66.Rd5 Bc7 67.h4+ Kf6 68.Rc5 Bd8 69.Rc6+ Kg7 70.Kf4 Ba5 71.h5 Bd2+
72.Ke5 gxh5 73.Kxf5 Be1 74.Rg6+ Kh7 75.Kf6 h4 76.Kg5 h3 77.g4 h2 78.Rh6+ Kg7
79.Rxh2 Bc3 80.Rc2 Bb4 81.Rb2 Bc5 82.Rb8 Bf8 83.Ra8  1-0

[Event "9th Tabor Open 2013"]
[Site "Tabor CZE"]
[Date "2013.07.30"]
[Round "4.32"]
[White "Van Nieuwenhuizen,H"]
[Black "Barrish,Daniel"]
[Result "1/2-1/2"]
[WhiteElo "1977"]
[BlackElo "1824"]

1.e4 c5 2.c3 Nf6 3.e5 Nd5 4.d4 cxd4 5.cxd4 e6 6.Nc3 Nxc3 7.bxc3 Qc7 8.Bd2 b6
9.f4 Bb7 10.Nf3 d6 11.Bd3 Be7 12.O-O Nd7 13.Qc2 h6 14.Rae1 dxe5 15.fxe5 g5
16.h3 O-O-O 17.a4 Rdg8 18.Nh2  1/2-1/2

[Event "XXII TCh-MKD 2013"]
[Site "Struga MKD"]
[Date "2013.07.31"]
[Round "3.3"]
[White "Trajkoski,S"]
[Black "Gecovski,Goce"]
[Result "1/2-1/2"]
[WhiteElo "2320"]
[BlackElo "2075"]

1.e4 c5 2.c3 Nf6 3.e5 Nd5 4.d4 cxd4 5.Nf3 Nc6 6.Bc4 Nb6 7.Bb3 d5 8.exd6 Qxd6
9.O-O Be6 10.cxd4 Bxb3 11.Qxb3 e6 12.Nc3 Be7 13.Rd1 O-O 14.d5 exd5 15.Be3 Na5
16.Qb5 Nac4 17.Bxb6 Qxb6 18.Rxd5 Qxb5 19.Rxb5 Bf6 20.Nd5 Bxb2 21.Rb1 Rfd8
22.Ne7+ Kf8 23.Rxb7 Na3 24.Rf1 Rdb8 25.Rc7 Nb5 26.Rc2 Kxe7 27.Rxb2 Nd4 28.Re1+ Kf6
29.Rd2 Nxf3+ 30.gxf3 Rd8  1/2-1/2

[Event "Sparkassen Open A 2013"]
[Site "Dortmund GER"]
[Date "2013.08.01"]
[Round "6.8"]
[White "Kartsev,A2"]
[Black "Huckebrink,Chris"]
[Result "1/2-1/2"]
[WhiteElo "2247"]
[BlackElo "2034"]

1.e4 c5 2.c3 Nf6 3.e5 Nd5 4.d4 cxd4 5.Nf3 Nc6 6.cxd4 d6 7.Bc4 Nb6 8.Bb5 dxe5
9.Nxe5 Bd7 10.Nxd7 Qxd7 11.Nc3 a6 12.Bxc6 Qxc6 13.O-O e6 14.Qg4 Nd5 15.Bd2 Nxc3
16.Bxc3 Rd8 17.f4 f5 18.Qg5 Rd5 19.Rac1 Qd7 20.Rfe1 Kf7 21.Re5 Be7 22.Qh5+ g6
23.Qf3 Bf6 24.Rxd5 Qxd5 25.Qxd5 exd5 26.Kf2 Re8 27.Kf3 Re4 28.Rd1 Ke6 29.g3 Kd7
30.b3 Kc6 31.a3 Kb6 32.Bb2 Kb5 33.Bc3 Kb6  1/2-1/2

[Event "Politiken Cup 2013"]
[Site "Helsingor DEN"]
[Date "2013.08.01"]
[Round "7.109"]
[White "Jorgensen,O"]
[Black "Rasmussen,M1"]
[Result "0-1"]
[WhiteElo "1614"]
[BlackElo "1921"]

1.e4 c5 2.c3 Nf6 3.e5 Nd5 4.d4 cxd4 5.cxd4 d6 6.exd6 e6 7.d7+ Bxd7 8.a3 Bd6
9.Nf3 Bc6 10.Nc3 Nd7 11.Be2 Nf4 12.Bxf4 Bxf4 13.O-O Nf6 14.Bb5 Bxb5 15.Nxb5 O-O
16.Qe2 Qb6 17.Nc3 Rfd8 18.Rfd1 Rac8 19.Na4 Qc7 20.g3 Bh6 21.Nc5 b6 22.Ne4 Nd5
23.Nfg5 g6 24.f4 Qc2 25.Qd2 Bg7 26.Nf3 Qxe4 27.Ng5 Qc2 28.Qe1 Qxb2 29.Rab1 Qc3
30.Rd2 Bxd4+ 31.Kg2 Be3 32.Rbb2 Bxd2 33.Rxd2 Nxf4+ 34.gxf4 Rxd2+ 35.Kf1 Qd3+  0-1

[Event "100th ch-GBR 2013"]
[Site "Torquay ENG"]
[Date "2013.08.01"]
[Round "4.34"]
[White "Henderson,David"]
[Black "Jackson,O"]
[Result "0-1"]
[WhiteElo "2053"]
[BlackElo "2207"]

1.e4 c5 2.c3 Nf6 3.e5 Nd5 4.d4 cxd4 5.cxd4 e6 6.Nc3 Nxc3 7.bxc3 Qc7 8.Bd2 d6
9.Nf3 Nd7 10.Bd3 b6 11.Ng5 Bb7 12.O-O dxe5 13.Qh5 g6 14.Qh3 Be7 15.Rfe1 Bd5
16.dxe5 a6 17.Ne4 Qxe5 18.c4 Bxe4 19.Bxe4 Qb8 20.Bxg6 Nf8 21.Be4 Ra7 22.Bc3 Rg8
23.Bc6+ Nd7 24.Qxh7 Kf8 25.Qh6+ Ke8 26.Rxe6 fxe6 27.Qxe6 Rf8 28.Re1 Rf7 29.Bd5 Qf4
30.Qxf7+  0-1

[Event "Politiken Cup 2013"]
[Site "Helsingor DEN"]
[Date "2013.08.02"]
[Round "8.32"]
[White "Vistisen,L"]
[Black "Bekker Jensen,Da"]
[Result "1/2-1/2"]
[WhiteElo "2177"]
[BlackElo "2310"]

1.e4 c5 2.c3 Nf6 3.e5 Nd5 4.Nf3 Nc6 5.d4 cxd4 6.Bc4 Nb6 7.Bb3 d5 8.exd6 Qxd6
9.O-O Be6 10.Na3 dxc3 11.Nb5 Qxd1 12.Rxd1 Rc8 13.Bxe6 fxe6 14.Re1 cxb2 15.Bxb2 Na4
16.Be5 h6 17.Nc7+ Kf7 18.Nxe6 Rg8 19.Nfd4 g6 20.h4 Nxe5 21.Rxe5 Bg7 22.Nxg7 Rxg7
23.Rae1 Ke8 24.Ra5 Rc4 25.Nb5 Kd7 26.Rxa7 Kc6 27.Na3 Rxh4 28.Rc1+ Nc5 29.Nc4 e6
30.a4 Rg8 31.a5 g5 32.g3 Rd4 33.Ne5+ Kd5 34.Nf3 Rd3 35.Ne1 Rb3 36.Nc2 e5
37.Ne3+ Kc6 38.Nf5 Re8 39.Nxh6 Rb5 40.Nf7 Re7 41.Nd8+ Kd7 42.Rd1+ Kc7 43.a6 Nxa6
44.Ra8 Rc5 45.Rb1 b5 46.Rxa6 Kxd8 47.Rb6 Kd7 48.R1xb5 Rxb5 49.Rxb5 Ke6 50.Kg2 Kf5
51.Ra5 Rd7 52.Ra4 Rd4 53.Ra8 g4 54.Rg8 Rb4 55.Rf8+ Ke4 56.Rd8 Rd4 57.Re8 Ra4
58.Re7 Kd4 59.Rd7+ Kc3 60.Rd1 e4 61.Re1 Kd3 62.Re3+ Kd4 63.Rb3 Ra2 64.Rb4+ Kd3
65.Rb3+ Kc4 66.Re3 Kd4 67.Rb3 Ra1 68.Rb4+ Kd3 69.Rb3+ Kd2 70.Re3 Re1 71.Ra3 e3
72.Ra2+ Kd3 73.Ra3+ Kd2 74.fxe3 Re2+ 75.Kf1 Rxe3 76.Ra4 Rxg3 77.Kf2 Rf3+  1/2-1/2

[Event "Politiken Cup 2013"]
[Site "Helsingor DEN"]
[Date "2013.08.02"]
[Round "8.71"]
[White "Garberg,Tore"]
[Black "Johansson,Al"]
[Result "1/2-1/2"]
[WhiteElo "1914"]
[BlackElo "2022"]

1.e4 c5 2.c3 Nf6 3.e5 Nd5 4.d4 cxd4 5.Nf3 Nc6 6.cxd4 d6 7.Bc4 e6 8.Qe2 dxe5
9.dxe5 Qa5+ 10.Bd2 Bb4 11.O-O Bd7 12.a3 Bxd2 13.Nbxd2 Nf4 14.Qe4 g5 15.b4 Qd8
16.Rfd1 f5 17.exf6 Qxf6 18.Nb3 g4 19.Nfd4 Ne5 20.Nc5 Bc6 21.Nxc6 bxc6 22.Nxe6 Nxe6
23.Bxe6 Kf8 24.Qf5 Ke7 25.Re1 Qxf5 26.Bxf5 Kf6 27.Be4 Rad8 28.Rac1 Rd6 29.Rc5 h5
30.Kf1 Rhd8 31.f3 gxf3 32.gxf3 Rd2 33.Re2 Rd1+ 34.Kf2 Ra1 35.Bxc6 Nd3+ 36.Kg3 Rg1+
37.Kh4 Nxc5 38.bxc5 Rc8 39.Bd7 Rxc5 40.a4 Rd1 41.Bb5 Rd4+ 42.Kh3 Re5 43.Rc2 Kg5
44.Rc7 a6 45.Bxa6 Rxa4 46.Bc4 Kf4 47.Rf7+ Rf5 48.Rxf5+ Kxf5 49.Bd5 Kf4 50.Be4 Ra5
51.Bc6 Ra2 52.Bd5 Rf2 53.Be4 Ke3 54.Kg3 Ke2 55.Bd3+ Ke1 56.h4 Rd2 57.Be4 Kf1
58.Kh3 Kf2 59.Bc6 Rd1 60.Kh2 Rd4 61.Be4 Rc4 62.Kh3 Rc8 63.Kh2 Ke3 64.Kg2 Kf4
65.Bb7 Rc7 66.Be4 Rg7+ 67.Kh3 Rg1 68.Kh2 Rg7 69.Kh3  1/2-1/2

[Event "Arad Open 2013"]
[Site "Arad ROU"]
[Date "2013.08.03"]
[Round "1.4"]
[White "Kaunz,W"]
[Black "Murariu,A"]
[Result "0-1"]
[WhiteElo "1861"]
[BlackElo "2533"]

1.e4 c5 2.c3 Nf6 3.e5 Nd5 4.d4 cxd4 5.Qxd4 e6 6.Nf3 Nc6 7.Qe4 b6 8.Nbd2 Bb7
9.Bd3 Qc7 10.O-O f5 11.exf6 gxf6 12.Qh4 O-O-O 13.Ne4 Be7 14.Ng3 Rdg8 15.a3 f5
16.Qa4 h5 17.h3 Rg7 18.Rd1 h4 19.Ne2 Rhg8 20.Ne1 Na5 21.Bf4 Nxf4 22.Nxf4 Bd6
23.Ne2 Rxg2+ 24.Nxg2 Bxg2 25.Ba6+ Kb8 26.Ng3 Be4 27.Rxd6 Qxd6 28.Rd1 Qf4
29.Qxd7 hxg3 30.Qd6+ Qxd6 31.Rxd6 e5 32.fxg3 Rxg3+ 33.Kf2 Rxh3 34.Re6 Nc6
35.Bb5 Kc7 36.Bxc6 Bxc6 37.Rxe5 f4 38.Re7+ Kd6 39.Rxa7 Rh2+ 40.Ke1 Rxb2  0-1

[Event "Sparkassen Open A 2013"]
[Site "Dortmund GER"]
[Date "2013.08.03"]
[Round "8.17"]
[White "Kartsev,A2"]
[Black "Eckardt,Joshua"]
[Result "1/2-1/2"]
[WhiteElo "2247"]
[BlackElo "2023"]

1.e4 c5 2.c3 Nf6 3.e5 Nd5 4.d4 cxd4 5.Nf3 Nc6 6.Bc4 Nb6 7.Bb3 d5 8.exd6 Qxd6
9.Ng5 e6 10.O-O Be7 11.Qh5 Bxg5 12.Bxg5 O-O 13.Nd2 dxc3 14.Ne4 Qd3 15.Nxc3 Qg6
16.Qxg6 hxg6 17.Rad1 Na5 18.Be3 Nxb3 19.axb3 Nd5 20.Nxd5 exd5 21.Rxd5 Be6
22.Rd3 Rfd8 23.Rfd1 Rxd3  1/2-1/2

[Event "16th Olomouc GM Valoz Cup"]
[Site "Olomouc CZE"]
[Date "2013.08.03"]
[Round "4.3"]
[White "Mammadov,Z"]
[Black "Simantsev,M"]
[Result "1-0"]
[WhiteElo "2437"]
[BlackElo "2473"]

1.e4 c5 2.c3 Nf6 3.e5 Nd5 4.Nf3 e6 5.Bc4 Nc6 6.d4 cxd4 7.cxd4 d6 8.O-O Be7
9.Qe2 O-O 10.Nc3 Nxc3 11.bxc3 dxe5 12.dxe5 Qa5 13.Bd2 Rd8 14.Rfe1 Bd7 15.Rac1 Rac8
16.Bb3 Be8 17.Qe4 Rd7 18.h4 Qd8 19.Bg5 Na5 20.Bxe7 Qxe7 21.Ng5 g6 22.Qf4 Nxb3
23.axb3 Rd3 24.Ne4 Kg7 25.Nd6 Rd8 26.Qe4 R8xd6 27.exd6 Qxd6 28.Qxb7 Bc6 29.Qxa7 Qd5
30.f3 Qxb3 31.Qc5 Bd7 32.Qe5+ f6 33.Qc7 Rd2 34.Kh1 e5 35.Qd8 Qb2 36.Rcd1 Qxc3
37.Qe7+ Kh6 38.Qf8+ Kh5 39.Qxf6  1-0

[Event "XXII TCh-MKD 2013"]
[Site "Struga MKD"]
[Date "2013.08.03"]
[Round "6.3"]
[White "Trajkoski,S"]
[Black "Kryvoruchko,Y"]
[Result "0-1"]
[WhiteElo "2320"]
[BlackElo "2678"]

1.e4 c5 2.c3 Nf6 3.e5 Nd5 4.d4 cxd4 5.Nf3 e6 6.cxd4 d6 7.Nc3 Nxc3 8.bxc3 Qc7
9.Bd2 Nd7 10.Bd3 dxe5 11.O-O g6 12.Nxe5 Nxe5 13.Bf4 Bd6 14.dxe5 Bxe5 15.Qa4+ Bd7
16.Bxe5 Qxe5 17.Qb4 Bc6 18.Rfe1 Qc7 19.Be4 O-O-O 20.Rab1 Kb8 21.Bxc6 Qxc6
22.Re5 Rd7 23.Rc5 Rhd8 24.h3 Rd1+ 25.Rxd1 Rxd1+ 26.Kh2 Qd6+ 27.f4 Rd5 28.Rc4 Qxb4
29.cxb4 b5 30.Re4 Rd2 31.f5 exf5 32.Re7 Rxa2 33.Rxf7 Rb2 34.Rxh7 Rxb4 35.Rg7 a5
36.Rxg6 a4 37.Ra6 Kb7 38.Ra5 Kb6 39.Ra8 Rh4 40.Kg3 Rh7 41.Kf4 Ra7 42.Rb8+ Ka5  0-1

[Event "I Vecindario GM"]
[Site "Vecindario ESP"]
[Date "2013.08.03"]
[Round "3.5"]
[White "Garcia Blanco,O"]
[Black "Bressac,S"]
[Result "1-0"]
[WhiteElo "2253"]
[BlackElo "2231"]

1.e4 c5 2.c3 Nf6 3.e5 Nd5 4.d4 cxd4 5.Nf3 d6 6.cxd4 e6 7.Bd2 Nc6 8.Nc3 Be7
9.Bc4 Nxc3 10.Bxc3 O-O 11.O-O Qc7 12.Qe2 dxe5 13.dxe5 Rd8 14.Rac1 Bd7 15.h4 Be8
16.Qe4 Qb6 17.Bd3 g6 18.a3 Rac8 19.b4 a5 20.Rb1 axb4 21.axb4 Nb8 22.Bd4 Qc6
23.Qe3 Qd5 24.Rfd1 Ba4 25.Rd2 Nd7 26.h5 Qc6 27.Ra2 b5 28.Rd2 Rb8 29.hxg6 hxg6
30.Ba7 Rbc8 31.Nd4 Qa6 32.Nf3 Rc7 33.Bd4 Rdc8 34.Ra2 Qb7 35.Be4 Qb8 36.Qh6 Nf8
37.Bc5 Bxc5 38.bxc5 Ra7 39.c6 b4 40.Qe3 Rcc7 41.Qd4 Bxc6 42.Rxa7 Bxe4 43.Rxc7 Bxb1
44.Rc4 b3 45.Rb4 Qa8 46.Rxb3 Bc2 47.Rc3 Be4 48.Ng5 Bxg2 49.f3 Qa2 50.Rc8 Qe2
51.Rxf8+ Kxf8 52.Qd8+ Kg7 53.Qf6+ Kh6 54.Nxf7+  1-0

[Event "Politiken Cup 2013"]
[Site "Helsingor DEN"]
[Date "2013.08.04"]
[Round "10.39"]
[White "Skjoldager,P"]
[Black "Thuesen,M"]
[Result "1-0"]
[WhiteElo "2136"]
[BlackElo "2267"]

1.e4 c5 2.c3 Nf6 3.e5 Nd5 4.d4 cxd4 5.cxd4 d6 6.Bc4 e6 7.Nf3 Be7 8.O-O O-O
9.Qe2 Nc6 10.Qe4 Ndb4 11.exd6 Qxd6 12.Nc3 f5 13.Qe2 Na5 14.Nb5 Qb6 15.Bd3 Nxd3
16.Qxd3 Bd7 17.Nc3 Rad8 18.Re1 Nc6 19.a3 Bc8 20.d5 Bf6 21.d6 Nd4 22.Bf4 Nxf3+
23.gxf3 g5 24.Be3 Qc6 25.Rad1 b6 26.Nb5 Qxf3 27.Bd4 Qh5 28.Nxa7 Bb7 29.Re3 Rxd6
30.Nb5 Rxd4 31.Nxd4 Rd8 32.Qb3 Qg4+ 33.Rg3 Qe4 34.Nf3 Rxd1+ 35.Qxd1 f4 36.Rh3 g4
37.Rh6 Be7 38.Qe1 Bf8 39.Qxe4 Bxe4 40.Rxe6 Bxf3 41.Rxb6 h5 42.Rb5 h4 43.a4 Bd6
44.a5 h3 45.a6 Kf7 46.a7 g3 47.hxg3 Ke6 48.Kh2  1-0

[Event "Politiken Cup 2013"]
[Site "Helsingor DEN"]
[Date "2013.08.04"]
[Round "10.24"]
[White "Royset,P"]
[Black "Englert,F"]
[Result "1/2-1/2"]
[WhiteElo "2170"]
[BlackElo "2282"]

1.e4 c5 2.c3 Nf6 3.e5 Nd5 4.d4 cxd4 5.Nf3 e6 6.cxd4 d6 7.Nc3 Nxc3 8.bxc3 Qc7
9.Bd2 Nd7 10.Ng5 dxe5 11.Qh5 g6 12.Qf3 f5 13.Nxe6 Qd6 14.Nxf8 e4 15.Qg3 Qxg3
16.hxg3 Nxf8 17.f3 exf3 18.gxf3 Be6 19.c4 Nd7 20.d5 Bf7 21.Bc3 O-O 22.Rd1 Rfe8+
23.Kf2 Rac8 24.Rd4 h5 25.Bb4 b5 26.cxb5 Rc2+ 27.Rd2 Rxd2+ 28.Bxd2 Bxd5 29.a4 Ne5
30.Be2 Ng4+ 31.Kf1 Rc8 32.Rh4 Ne5 33.Kf2 Kf7 34.Rd4 Ke6 35.a5 Rc2 36.f4 Nd7
37.Ke1 Nc5 38.b6 axb6 39.axb6 Ne4 40.Bf3 Rb2 41.Rb4 Rxb4 42.Bxb4 Bb7 43.Bxe4 fxe4  1/2-1/2

[Event "Politiken Cup 2013"]
[Site "Helsingor DEN"]
[Date "2013.08.04"]
[Round "10.4"]
[White "Smerdon,D"]
[Black "Van Kampen,R"]
[Result "0-1"]
[WhiteElo "2521"]
[BlackElo "2595"]

1.e4 c5 2.c3 Nf6 3.e5 Nd5 4.d4 cxd4 5.Nf3 Nc6 6.cxd4 d6 7.Bc4 Nb6 8.Bb3 dxe5
9.d5 Na5 10.Nc3 Bg4 11.Be3 Nxb3 12.Qxb3 Bxf3 13.gxf3 g6 14.a4 Rc8 15.a5 Nc4
16.Qxb7 Nxe3 17.fxe3 Bh6 18.Qb5+ Kf8 19.Qd3 Rb8 20.Ra2 Kg7 21.O-O Qc7 22.Rf2 Rb4
23.d6 Qxd6 24.Qxd6 exd6 25.Re2 Rc8 26.Nd5 Rb3 27.Kf2 Rc5 28.Rd2 Bg5 29.a6 Bd8
30.e4 Ba5 31.Re2 Bb6 32.Kg3 Rc1 33.Nxb6 Rxb6 34.Ra5 Rcc6 35.Rd5 Kf6 36.f4 Rb3+
37.Kh4 exf4 38.Kg4 f3 39.Rf2 Rxa6 40.Rxf3+ Rxf3 41.Kxf3 Ke6 42.h4 Rb6 43.Ra5 Rxb2
44.Rxa7 h5 45.Ra3 Rb1 46.Kg2 Re1 47.Ra4 Re3 48.Rb4 Ke5 49.Rb5+ Kxe4 50.Rb7 f6
51.Re7+ Kf4  0-1

[Event "XX Feria de las Flores 2013"]
[Site "Medellin COL"]
[Date "2013.08.04"]
[Round "2.38"]
[White "Cadavid,Juan Miguel"]
[Black "Castano,Jo"]
[Result "0-1"]
[WhiteElo "1876"]
[BlackElo "2069"]

1.e4 c5 2.c3 Nf6 3.e5 Nd5 4.Nf3 d6 5.d4 cxd4 6.Bc4 e6 7.cxd4 Nc6 8.O-O Be7
9.Qe2 O-O 10.Nc3 dxe5 11.dxe5 Nxc3 12.bxc3 Qa5 13.Bd2 Bd7 14.Rfb1 b6 15.Bd3 Qa4
16.h3 Rad8 17.Bb5 Qa3 18.Rb3 Qc5 19.Rd1 Na5 20.Rbb1 Bxb5 21.Qxb5 Qxb5 22.Rxb5 Nc4
23.Rbb1 Rd5 24.Bf4 Rfd8 25.Rxd5 Rxd5 26.Kf1 Ra5 27.Rd1 h6 28.Rd7 Bf8 29.Nd2 Nxd2+
30.Rxd2 g5 31.Bg3 Kg7 32.Ke2 Kg6 33.Kf3 Ra3 34.Rc2 Bb4 35.Ke4 Rxc3 36.Rxc3 Bxc3
37.f4 b5 38.Bf2 a5 39.g4 gxf4 40.Kxf4 b4 41.h4 Bd2+ 42.Ke4 a4 43.h5+ Kg5
44.Kd3 Bc3 45.Be3+ Kxg4 46.Bxh6 a3 47.Kc4 Kxh5 48.Bg7 Kg5 49.Bf8 Kf5 50.Bd6 Bxe5  0-1

[Event "XX Feria de las Flores 2013"]
[Site "Medellin COL"]
[Date "2013.08.04"]
[Round "2.12"]
[White "Mateus,Al"]
[Black "Rios,J"]
[Result "1-0"]
[WhiteElo "2260"]
[BlackElo "2131"]

1.e4 c5 2.c3 Nf6 3.e5 Nd5 4.d4 cxd4 5.Nf3 Nc6 6.Bc4 Nb6 7.Bb3 d5 8.exd6 Qxd6
9.O-O e6 10.cxd4 Be7 11.Nc3 a6 12.Qd3 Nb4 13.Qe2 O-O 14.Ne4 Qd8 15.a3 N4d5
16.Ne5 Bd7 17.Nxd7 Qxd7 18.Bd2 Rac8 19.Rac1 Bf6 20.Nxf6+ Nxf6 21.Rcd1 Nbd5
22.Qf3 Rc6 23.Ba4 b5 24.Bb3 Rfc8 25.Rfe1 Qa7 26.Qd3 Qb6 27.h3 a5 28.Rc1 a4
29.Ba2 b4 30.Rxc6 Rxc6 31.Bxd5 Nxd5 32.axb4 Nxb4 33.Qa3 Nc2 34.Qxa4 h6 35.Re4 f5
36.d5 exd5 37.Qa8+ Kh7 38.Re8 Qc7 39.Rh8+ Kg6 40.Qe8+  1-0

[Event "7th Wasselonne Open"]
[Site "Wasselonne FRA"]
[Date "2013.08.04"]
[Round "7.1"]
[White "Karpatchev,A"]
[Black "Genzling,A"]
[Result "1-0"]
[WhiteElo "2475"]
[BlackElo "2396"]

1.e4 c5 2.c3 Nf6 3.e5 Nd5 4.Nf3 Nc6 5.Bc4 Nb6 6.Bb3 c4 7.Bc2 Qc7 8.Qe2 g5
9.Na3 g4 10.Nb5 Qb8 11.Nh4 Nxe5 12.O-O d6 13.Re1 a6 14.Nd4 Qc7 15.b3 e6 16.bxc4 Be7
17.c5 dxc5 18.Ndf5 Bf6 19.d4 Ng6 20.dxc5 Qxc5 21.Be3 Qc6 22.Bd4 Bxd4 23.Nxd4 Qc7
24.Nhf5 Kf8 25.Nh6 Qf4 26.Nxg4 Nd5 27.g3 Qg5 28.Qf3 Kg7 29.h4 Nxh4 30.gxh4 Qxh4
31.Nh2 Qf6 32.Qg3+ Kf8 33.Qd6+ Kg7 34.Ng4 Qg5 35.Kh1 Qf4 36.Re5 h5 37.Nh2 Qf6
38.Rg1+ Kh6 39.Rxd5 b5 40.Nf5+ Kh7 41.Ng7+  1-0